<?xml version="1.0" encoding="UTF-8"?>
<marc:record xmlns:marc="http://www.loc.gov/MARC21/slim">
   <marc:leader>00000nam a2200000 a 4500</marc:leader>
   <marc:datafield ind1="1" ind2=" " tag="100">
      <marc:subfield code="a">Spiegelfeld, Johann-Philipp</marc:subfield>
      <marc:subfield code="4">aut</marc:subfield>
      <marc:subfield code="e">Verfasser/-in</marc:subfield>
   </marc:datafield>
   <marc:datafield ind1="0" ind2="0" tag="245">
      <marc:subfield code="a">Herrschaftszeiten</marc:subfield>
   </marc:datafield>
   <marc:datafield ind1="0" ind2="0" tag="245">
      <marc:subfield code="b">Johann-Philipps Schlossbesuche</marc:subfield>
   </marc:datafield>
   <marc:datafield ind1=" " ind2="1" tag="264">
      <marc:subfield code="b">Amalthea Signum</marc:subfield>
      <marc:subfield code="c">2024</marc:subfield>
   </marc:datafield>
   <marc:datafield ind1="1" ind2=" " tag="520">
      <marc:subfield code="a">Die TV-Serie »Herrschaftszeiten - Johann-Philipps Schlossbesuche« hat sich 2020 schlagartig in den Olymp der österreichischen Fernsehlandschaft katapultiert. Ein Quotenerfolg jagte den nächsten, und so ist es Moderator Johann-Philipp Spiegelfeld sowie Erfinder und Regisseur Martin S. Pusch ein Herzensanliegen, nun auch die Spitze der Bestsellerlisten zu erklimmen. Als Nachlese der ersten drei Staffeln darf dieses künftige Standardwerk der österreichischen Schlösserkunde in keiner Schloss- oder Privatbibliothek fehlen. Von Tratzberg über Neudau und Altenhof, die Riegersburg und Burg Bernstein bis hin zu Schloss Schenna erfahren Sie Wissenswertes über 17 Schlösser und deren Bewohner:innen, lustige Anekdoten, Hoppalas vom Dreh sowie die besten Sager und Sprüche aus der Sendung. Wenn schon keinen Golden Globe, dann gibt's zumindest das Goldene Buch.</marc:subfield>
   </marc:datafield>
   <marc:datafield ind1=" " ind2=" " tag="020">
      <marc:subfield code="a">9783990502716</marc:subfield>
      <marc:subfield code="9">9783990502716</marc:subfield>
   </marc:datafield>
</marc:record>
